=LDR 00000nam 2200000 4500 =001 INLIS000000000000804 =005 20130612085231 =008 ***********************************Ind** =035 ##$$0010-061300000000804 =041 ##$$a Ind =082 ##$$a 301.091 724 =090 ##$$a 301.091 724, Hoo-s =100 ##$$a Hoogvelt, Ankie M.M =245 ##$$a Sosiologi masyarakat sedang berkembang, Ankie M.M. Hoogvelt; Penyadur, Alimandan =260 ##$$a 1995 $b Jakarta =300 ##$$a xx, 285 hlm, ilus, 21 cm =650 ##$$a Sosiologi =700 ##$$a Alimandan =850 ##$$a NBPNMAT